000 00406nmm a2200145Ia 4500
008 251105s9999||||xx |||||||||||||||||und||
041 _aspa
100 _aCannon, Julie
245 0 _aVen a Buscarme
264 _a[Madrid, España] :
_bEditorial Egales,
_c2019
300 _a271 páginas
650 _aNorth American narrative
856 _uhttps://public.digitaliapublishing.com/a/158422
942 _cCF
999 _c106646
_d106646